| 000 | 00912nam a22002297a 4500 | ||
|---|---|---|---|
| 999 |
_c2917 _d2917 |
||
| 003 | AR-CdUCM | ||
| 008 | 190305b ||||| |||| 00| 0 spa d | ||
| 020 | _a968-16-1887-9 | ||
| 040 |
_aMUNICIPALIDAD PROVINCIAL DEL CUSCO _cBIBLIOTECA MUNICIPAL DEL CUSCO |
||
| 082 |
_a108 / _bZ54 _21ra. ed. |
||
| 100 |
_aZea, Leopoldo _910024 |
||
| 245 | _aEl positivismo y la cirscunstancia mexicana / | ||
| 260 |
_aMéxico : _bFondo de Cultura Economica , _c1985. |
||
| 300 |
_a179 páginas ; _c21 cm. |
||
| 440 |
_aLecturas 81 Mexicanas _910025 |
||
| 505 | _aContenido : La Filosofia y su historia -- El positivismo en la cultura mexicana -- El positivismo de August Comte -- El positivismo Méxicano -- Interpretacion positivista de la historia de mexico... | ||
| 650 |
_aAugusto Comte _910026 |
||
| 650 |
_aPositivismo Méxicano _910027 |
||
| 650 |
_aFilosofia Méxicana _910028 |
||
| 942 |
_2ddc _cLIBROS |
||
| 945 | _artm | ||